000 04082cam a22005174a 4500
001 muse96127
003 MdBmJHUP
005 20210127151905.0
006 m o d
007 cr||||||||nn|n
008 190405t20192019enk o 00 0 eng d
020 _a9781787350489
020 _z1787350509
020 _z9781787350502
020 _z9781787350496
020 _z1787350495
020 _z1787350487
020 _z1787350517
020 _z9781787350519
020 _z1787350525
020 _z9781787350526
020 _z9781787350533
020 _z1787350533
035 _a(OCoLC)1127388050
040 _aMdBmJHUP
_cMdBmJHUP
245 0 0 _aHappiness and Utility
_bEssays Presented to Frederick Rosen /
_cedited by Georgios Varouxakis, Mark Philp.
300 _a1 online resource (xiv, 318 pages) :
_bportrait ;
505 0 _aIntroduction : happiness, utility and the republic of letters / Mark Philp, Georgios Varouxakis -- Happiness and interests in politics : a late-Enlightenment debate / Emmanuelle de Champs -- Jeremy Bentham and the Spanish Constitution of 1812 / Philip Schofield -- Scepticism and Epicureanism : from David Hume to J.S. Mill / James Moore -- Bentham on 'Hume's virtues' / Jose L. Tasset -- Shaftesbury, Hutcheson and Mill on pleasure and virtue / Roger Crisp -- 'The first article to look to is power' : Bentham, happiness and the capability approach / Michael Quinn -- Jeremy Bentham and President Roosevelt's four freedoms / Manuel Escamilla-Castillo -- James Mill on happiness / Antis Loizides -- Bentham, Mill, Stoicism and higher pleasures / Jonathan Riley -- Individualist and totalizing ethical thinking in Mill's utilitarianism / John Charvet -- Mill and democracy : taking William Buckley seriously / Alan Ryan -- John Stuart Mill and the Jewish question : broadening the utilitarian maximand / Samuel Hollander -- The failure of planned happiness : the rise and fall of British home colonies / Barbara Arneil -- Making better sense of ideal utilitarianism / David Weinstein.
506 0 _aOpen Access
_fUnrestricted online access
_2star
520 _aExperts and utility brings together experts on utilitarianism to explore the concept of happiness within the utilitarian tradition, situating it in earlier eighteenth-century thinkers and working through some of its developments at the end of the nineteenth and beginning of the twentieth centuries. Drawing on a range of philosophical and historical approaches to the study of the central idea of utilitarianism, the chapters provide a rich set of insights into a founding component of ethics and modern political and economic thought, as well as political and economic practice. In doing so, the chapters examine the multiple dimensions of utilitarianism and the contested interprpetations of this standard for judgement in morality and public policy. The chapters are written in celebration of the career of Professor Frederick Rosen. They follow his work by concentrating on Bentham and the two Mills, and by the subtleties and sophistication of their understanding of one of the most alluring but elusive ideas of modern times. The volume will be of interest not only to admirers of Rosen but to academics and postgraduate students in disciplines such as Philosophy, Political Theory, History of Political Thought, Legal Theory and Legal History.--
_cProvided by publisher.
588 _aDescription based on print version record.
650 0 _aUtilitarianism.
_2fast
_0(OCoLC)fst01163333
650 0 _aHappiness.
_2fast
_0(OCoLC)fst00951160
650 0 _aHappiness.
650 0 _aUtilitarianism.
655 7 _aElectronic books.
_2local
700 1 _aPhilp, Mark,
_eeditor.
700 1 _aVarouxakis, Georgios,
_d1966-
_eeditor.
700 1 _aRosen, F.,
_ehonouree.
710 2 _aProject Muse.
_edistributor
830 0 _aBook collections on Project MUSE.
856 4 0 _zFull text available:
_uhttps://muse.jhu.edu/book/81901/
999 _c27381
_d27381